She's Not Afraid - One Direction (All Lyrics) - Statistics

General Stats
  • This quiz has been taken 100 times
  • The average score is 293 of 371
Answer Stats
Lyrics % Correct
she
97%
she's
95%
(she's
95%
I
93%
no
93%
of
93%
afraid
92%
afraid)
92%
in
90%
not
90%
the
90%
falling
88%
(falling
88%
movies
88%
oh
88%
scary
88%
at
86%
do
85%
love?
85%
love,
85%
love
85%
love)
85%
(love),
85%
all
83%
dark
83%
dark)
83%
kiss
83%
(kiss
83%
on
83%
let
81%
when
81%
yeah!
81%
yeah
81%
attention
80%
but
80%
every
80%
go!
80%
go,
80%
go
80%
her
80%
likes
80%
one,
80%
one
80%
(one,
80%
so
80%
(so
80%
to
80%
feel
78%
get
78%
running
78%
(running
78%
way
78%
way,
78%
we
78%
don't
76%
"don't
76%
door
76%
how
76%
i'm
76%
just
76%
wild
76%
wild)
76%
feeling
75%
it
75%
letting
75%
me
75%
me,
75%
middle
75%
night,
75%
tell
75%
that
75%
time
75%
dress
73%
can
71%
more
71%
top
71%
two,
71%
want
71%
with
71%
come
69%
know
69%
out
69%
three,
69%
tight
69%
only
68%
addicted
66%
closes
66%
heart"
66%
maybe
66%
test
66%
break
64%
closer,
64%
home
64%
it's
64%
say
64%
see
64%
take
64%
what
64%
your
64%
can't
63%
he'll
63%
sneaks
63%
anyone
61%
four,
61%
four)
61%
friends
61%
real
61%
wanna
61%
work
61%
worth
61%
and
59%
gonna
59%
hard
59%
if
59%
lights
59%
low
59%
my
59%
back
58%
cut
58%
from
58%
much
58%
room
58%
talking
58%
up
58%
away
56%
phone
56%
about
54%
things
54%
gets
53%
late?
53%
late)
53%
walks
53%
told
51%
tryna
51%
says
49%
whoa
46%
either
42%
have
42%
(uh
42%
really
41%
'cause
39%
huh)
39%
or
31%
teasing
19%
No matching quizzes found
Score Distribution
Percent of People with Each Score
Percentile by Number Answered
Your Score History
You have not taken this quiz